| 000 | 00695nam a2200253Ia 4500 | ||
|---|---|---|---|
| 003 | OSt | ||
| 005 | 20220925221947.0 | ||
| 006 | a|||||r|||| 00| 0 | ||
| 007 | ta | ||
| 008 | 220923b |||||||| |||| 00| 0 eng d | ||
| 037 | _cGeneral Book | ||
| 040 |
_aRTL _cRTL _beng |
||
| 041 |
_2eng _aeng |
||
| 082 | _aZ(Q7), K4 | ||
| 100 |
_aFyzee Asaf AA _9287282 |
||
| 245 | 0 | _aOutlines of Muhammadan law | |
| 250 | _a3rd | ||
| 260 |
_aLondon _bOxford University Press _c1964 |
||
| 300 |
_axx, 509p _ccm. |
||
| 500 | _aBibliography: P 479-84; Appendixes: P 460-78 | ||
| 650 | _aGreat Britain Law | ||
| 942 |
_hZ(Q7), K4 _cGB _2CC |
||
| 999 |
_c575750 _d575750 |
||